| 000 | 00410nam a2200133Ia 4500 | ||
|---|---|---|---|
| 005 | 20260328104253.0 | ||
| 008 | 260328s9999||||xx |||||||||||||| ||und|| | ||
| 100 | _aEquihua Zamora, Luis | ||
| 245 | 0 |
_aEvolución Prospectiva de los Objetos / _cLuis Equihua Zamora |
|
| 260 | _bCentro de Investigaciones de Diseño Industrial (CIDI) | ||
| 300 | _a64 p. | ||
| 650 | _aDISEÑO INDUSTRIAL - ELEMENTOS | ||
| 942 | _cBK | ||
| 999 |
_c10342 _d10342 |
||